00774 2200277 4500001002100000005001500021035002000036007000300056008004100059020001800100082001100118084001700129100002500146245007200171250001200243300004400255650002000299650001700319650001800336650001900354264003600373336002100409337003000430338002300460990001300483INLIS00000000112165720251105035615 a0010-1125000014ta251105 0 ind a9786024756442 a664.07 a664.07 YON p0 aYoni AtmaePengarang1 aPrinsip Analisis Komponen Pangan Makro & Mikro Nutrien /cYoni Atma aEdisi 1 aviii, 126 halaman :bilustrasi ;c20 cm 4aAnalisis pangan 4aKimia pangan 4aFood analysis 4aFood chemistry aYogyakarta :bDeepublish,c2018 2rdacontentaTeks 2rdamediaaTanpa Perantara 2rdacarrieraVolume a25/00220